00481 2200169 4500001002100000008004100021035002000062245006000082100001800142260003400160300002500194020001700219084001700236082001100253650003400264990001300298INLIS000000000000305 ind  a0010-0120000305 aFiqihbUntuk Madrasah Tsanawiyah Kelas IXcAbdul Ghofur aGhofur, Abdul aSurakarta :bMediatama,c2010 avi, 106 hlm.c25 cm. a9797-398-617 a297.14 GHO f a297.14 aFikih -- Studi dan Pengajaran a21900305